00533nam a2200181 4500003000400000005001700004008004100021020001500062040001800077050001700095100001900112245008600131264004600217300001800263336002200281337002400303338002400327OSt20260530115308.0260506b |||||||| |||| 00| 0 eng d a0811818934 aICIbspacICI aNK2115b.L661 aLevick, Melba 10aMexicolorb The spirit of mexican designcMelba Levick Tony Cohan Masako Tkahashi 1bChronicle Booksc1998aSan Francisco, CA. a176 páginas atexto2rdacontent asin medio2rdamedia avolumen2rdacarrier